00222nam a2200097 a 450000500170000000800410001705000170005824500200007565000090009565000200010420141022142007.0081003s19uu xx 00 eng d aVCDbO2 2005 aOne giant leap. aVCD. aOne giant leap.